Word 2000 simplified
| Main Author: | |
|---|---|
| Format: | Book |
| Published: |
Kuala Lumpur :
Venton Publishing ,
[n.d.]
|
| Subjects: |
MARC
| LEADER | 00000cam a2200000 7i4500 | ||
|---|---|---|---|
| 001 | 0000006626 | ||
| 005 | 20021108.0 | ||
| 020 | |a 9832031060 | ||
| 040 | |a INS | ||
| 090 | 0 | 0 | |a Z52.5.M52 |b P153 |
| 100 | 1 | |a Palani, Murugappan | |
| 245 | 1 | 0 | |a Word 2000 simplified |c Palani Murugappan |
| 260 | |a Kuala Lumpur : |b Venton Publishing , |c [n.d.] | ||
| 300 | |a 268 p. ; |c 26 cm. | ||
| 650 | 0 | 0 | |a Microsoft Word |
| 650 | 0 | 0 | |a Word processing |
| 999 | |a 0000007651 |b BOOK |c Red Spot |e Default branch | ||